000 00319nam a2200121Ia 4500
008 190216s9999||||xx |||||||||||||| ||und||
100 _a"John M. Beale, John H. Block"
245 0 _aOrganic Medicinal And Pharmaceutical Chemistry
260 _bWolters Kluwer
_c2011
300 _a1010
650 _aChemistry
942 _cBK
999 _c3528
_d3528